000 00545nam a2200181Ia 4500
003 GCL
008 140319s9999 xx 000 0 ara d
040 _aGCL /
_cGCL
082 0 4 _a811.008
_bع ا
100 1 _aعبدالله كنون الحسينى
245 1 0 _aادب الفقهاء /
_cعبدالله كنون الحسينى
260 _a[S.N] :
_bدار الكتاب اللبنانى ،
_c1984
300 _a263 ص
490 _a
650 0 4 _aالادب العربى
650 0 4 _aفقه اللغة العربية
942 _2ddc
_cBK
999 _c53724
_d53724